I love big cats / (Record no. 7922)

MARC details
000 -LEADER
fixed length control field 01059nam a22003017a 4500
001 - CONTROL NUMBER
control field 7922
003 - CONTROL NUMBER IDENTIFIER
control field FISKH
005 - DATE AND TIME OF LATEST TRANSACTION
control field 20250826095151.0
008 - FIXED-LENGTH DATA ELEMENTS--GENERAL INFORMATION
fixed length control field 250814b cb ||||| |||| 00| 0 eng d
020 ## - INTERNATIONAL STANDARD BOOK NUMBER
International Standard Book Number 9781842368213
040 ## - CATALOGING SOURCE
Original cataloging agency FISKH
Language of cataloging eng
Transcribing agency FISKH
Modifying agency FISKH
050 ## - LIBRARY OF CONGRESS CALL NUMBER
Classification number QL737.C23 P3592
082 ## - DEWEY DECIMAL CLASSIFICATION NUMBER
Classification number 599.75
100 ## - MAIN ENTRY--PERSONAL NAME
Personal name Parker, Steve
Dates associated with a name (1952–)
245 ## - TITLE STATEMENT
Title I love big cats /
Statement of responsibility, etc. By Steve Parker ; Illustrated by Lan Jackson
250 ## - EDITION STATEMENT
Edition statement This edition first published in 2011
260 ## - PUBLICATION, DISTRIBUTION, ETC.
Place of publication, distribution, etc. Bardfield :
Name of publisher, distributor, etc. Mileskelly,
Date of publication, distribution, etc. 2007
300 ## - PHYSICAL DESCRIPTION
Extent 24 pages :
Other physical details color illustrations ;
Dimensions 24 cm
505 ## - FORMATTED CONTENTS NOTE
Formatted contents note C<br/>
520 ## - SUMMARY, ETC.
Summary, etc. This highly visual series provides younger children with first facts and pictures about their favourite subjects. Each spread presents a new topic and is accompanied by simple text and realistic, detailed illustrations.<br/>
521 8# - TARGET AUDIENCE NOTE
Target audience note 70<br/>
Source Lexile<br/>
521 8# - TARGET AUDIENCE NOTE
Target audience note C<br/>
Source Raz-Plus<br/>
650 ## - SUBJECT ADDED ENTRY--TOPICAL TERM
Source of heading or term Children's
Topical term or geographic name entry element Animals
650 ## - SUBJECT ADDED ENTRY--TOPICAL TERM
Source of heading or term Mammals
Topical term or geographic name entry element Non-fiction
700 ## - ADDED ENTRY--PERSONAL NAME
Personal name Jackson, Lan
Dates associated with a name illustrator
942 ## - ADDED ENTRY ELEMENTS (KOHA)
Source of classification or shelving scheme Dewey Decimal Classification
Koha item type Books
Suppress in OPAC No
Holdings
Withdrawn status Lost status Source of classification or shelving scheme Damaged status Not for loan Collection Home library Current library Shelving location Date acquired Total Checkouts Full call number Barcode Date last seen Copy number Price effective from Koha item type
    Dewey Decimal Classification     Non-Fiction Footprints International School Library Network Toul Tom Poung Campus Footprints International School Library Network Toul Tom Poung Campus TTP Primary Green Bookshelves 08/14/2025   PAR 599.75 QL737.C23 P3592 FISBK05180 08/14/2025 1 08/14/2025 Books
    Dewey Decimal Classification     Non-Fiction Footprints International School Library Network Toul Tom Poung Campus Footprints International School Library Network Toul Tom Poung Campus TTP Primary Green Bookshelves 08/26/2025   PAR 599.75 QL737.C23 P3592 FISBK05165 08/26/2025 2 08/26/2025 Books